| 000 | 00808nam a2200229 i 4500 | ||
|---|---|---|---|
| 001 | 47115 | ||
| 003 | ES-MaACL | ||
| 005 | 20250717065627.0 | ||
| 007 | t| | ||
| 008 | 030403s1968 sp ||||1| spa d | ||
| 080 | _a304(04) | ||
| 111 | 2 |
_aReunión de Amigos de la Ciudad Católica ( _n6ª. _d1967. _cMadrid) _9173828 |
|
| 245 | 1 | 0 |
_aContribución al estudio de los cuerpos intermedios : _bactas de la VI Reunión de amigos de la Ciudad Católica, Madrid 28-29 octubre 1967. |
| 260 |
_a[Madrid : _bSpeiro, _c1968] |
||
| 300 |
_a252 p. ; _c21 cm. |
||
| 594 | _aPrecede al tít.: Francisco Canals Vidal ... [et al.] | ||
| 650 | 7 |
_aProblemas sociales _2embne _916415 |
|
| 700 | 1 |
_aCanals Vidal, Francisco. _934419 |
|
| 852 | 4 |
_aES-MaACL _jC-49974 |
|
| 852 | 4 |
_aES-MaACL _jC-45681 |
|
| 999 |
_c47115 _d47115 |
||